Esquema de ordenamiento territorial para el municipio de San Lorenzo departamento de Boaco, periodo 2014-2029
Presenta un esquema de ordenamiento territorial para el municipio de San Lorenzo departamento de Boaco, periodo 2014-2029, en la cual contempla una perspectiva de desarrollo para el municipio al definir las premisas de gestión para potenciar el uso racional de los recurso naturales, físicos, human...
| Main Authors: | , |
|---|---|
| Other Authors: | |
| Format: | Tesis Section = Libro |
| Language: | Undetermined Spanish |
| Published: |
Managua
UNI
2014
|
| Subjects: |
| LEADER | 01443nam a2200289Ia 4500 | ||
|---|---|---|---|
| 008 | 240830s9999 xx 000 0 und d | ||
| 040 | |a BIBLIOTECA-RUSB/ Mon 711.4 E82 | ||
| 041 | |a spa | ||
| 082 | |a Mon 711.4 E82 | ||
| 100 | 1 | |a Estrada Morales, Hillyen Karina | |
| 100 | 1 | |b Martínez Solano, Roshelly Massiel | |
| 245 | 1 | 0 | |a Esquema de ordenamiento territorial para el municipio de San Lorenzo departamento de Boaco, periodo 2014-2029 |
| 260 | |a Managua |b UNI |c 2014 | ||
| 300 | |a 102 p. :il. | ||
| 500 | |a Contiene: glosario. | ||
| 502 | |a Tesis (Arquitecto) - UNI, 2014. | ||
| 520 | 3 | |a Presenta un esquema de ordenamiento territorial para el municipio de San Lorenzo departamento de Boaco, periodo 2014-2029, en la cual contempla una perspectiva de desarrollo para el municipio al definir las premisas de gestión para potenciar el uso racional de los recurso naturales, físicos, humanos, financieros y técnicos, además de ser un instrumento de apoyo enfocado en una visión de utilidad para las instituciones u organismos interesados en el tema. | |
| 650 | 7 | |a DESARROLLO MUNICIPAL-SAN LORENZO, BOACO | |
| 650 | 7 | |b ORDENAMIENTO TERRITORIAL | |
| 650 | 7 | |c PLANES Y PLANIFICACION MUNICIPAL-SAN LORENZO | |
| 650 | 7 | |d ASENTAMIENTOS HUMANOS | |
| 650 | 7 | |e PLANES AMBIENTALES | |
| 650 | 7 | |f DESARROLLO SOSTENIBLE-PROYECTOS | |
| 700 | 1 | |a Tutor: |b González Jirón, Jorge Samuel | |
| 942 | |c BK |2 ddc | ||
| 991 | |a TESIS | ||
| 999 | |c 20895 | ||